| 000 | 01660nam2a2200325 4500 | ||
|---|---|---|---|
| 001 | RU\NLR\bibl\171802 | ||
| 005 | 20250618060542.0 | ||
| 010 | _a5-246-00336-1 | ||
| 021 |
_aRU _b2001-16982 _9787 |
||
| 035 | _a(NLR Aleph) 000168578 | ||
| 090 |
_a971001 _c971001 |
||
| 100 | _a20010723d2000 |||y0rusy50 ca | ||
| 101 | 0 | _arus | |
| 102 | _aRU | ||
| 105 | _ay ||||||||| | ||
| 200 | 1 |
_aПищевая промышленность _eХлеб. Хлебобулоч. изделия. Мучные кодитер. изделия |
|
| 210 |
_d2000 _aБ. м. |
||
| 215 | _a294 с. | ||
| 320 | _aАлф. указ. по видам продукции и услуг: с. 7-18 | ||
| 320 | _aАлф. указ. по видам сырья и материалов, используемых предприятиями: с. 20-21 | ||
| 320 | _aАлф. указ. предприятий по обл., респ.: с. 23-54 | ||
| 461 | 0 |
_1001RU\NLR\bibl\180174 _12001#$aБизнес-карта 2000-2001. [Промышленность. Отрасль]$vТ. 9 _91020330 _cМ. _d2000 _nАДИ "Бизнес-Карта" _oСНГ : Деловые справ. _tБизнес-карта 2000-2001. [Промышленность. Отрасль] _vТ. 9 |
|
| 606 | 1 |
_aПищевкусовая промышленность _jБизнес-карты _yСтраны СНГ _92137826 _3RU\NLR\auth\661288890 |
|
| 606 | 1 |
_aПищевая промышленность _jБизнес-карты _yСтраны СНГ _92188550 _3RU\NLR\auth\661315727 |
|
| 686 | _aУ30(2)67я2 | ||
| 801 | 0 |
_aRU _bNLR _c20010723 _gPSBO |
|
| 801 | 1 |
_aRU _bNLR _c20010723 |
|
| 942 | _cBOOK | ||
| 980 | _aNB | ||